000 00891nam a2200277 4500
003 OSt
005 20260530113845.0
008 260504b |||||||| |||| 00| 0 eng d
020 _a9788496449688
040 _aICI
_bspa
_cICI
041 _aspa
050 _aNK2110
_bA76
100 1 _aAsensio, Óscar
_eautor
_930640
245 1 0 _aDesignDesign
_bhome things = objetos para el hogar /
_cOscar Asensio ; coordinación, Yanina Arruiz
246 _aobjetos para el hogar
264 1 _aBarcelona ;
_aMéxico
_bReditar Libros,
_c2008
300 _a263 páginas :
_bilustraciones
336 _atexto
_2rdacontent
337 _asin medio
_2rdamedia
338 _avolumen
_2rdacarrier
650 _aEnseres domésticos
_930641
650 _aDecoración de interiores
_96140
650 _aDecoración y ornamentación
_93592
700 _aArruiz, Yanina,
_eeditor
_930642
942 _2lcc
_cBK
_n1
999 _c11261
_d11261